00689nam a2200193Ia 4500001001000000003000500010008004100015010001100056040000900067100003700076245017200113260003400285300001000319502006900329650002500398650002400423650003100447710001700478Para_5795CHAP220125s1981 xx 000 0 und d a204290 cCHAP aGarcía Lagunes, Enrique Daniel aToxicidad de varios insecticidas y mezclas contra el picudo del algodonero Anthonomus grandus Boh en condciones de laboratorio( /c por Enrique Daniel García Lagunes aCuernavaca, Mor. :b el autor a75 h. aTesis (Biólogo. Especialidad en Ciencias Biológicas ). UAEM. aAlgodón x plagas aAnthonomus grandis  aInsecticidas x toxicidad  aUAEM. (Mor.)